Top 10 Athletes With The Most Olympic Medals - Statistics

General Stats
  • This quiz has been taken 31 times
  • The average score is 1 of 15
Answer Stats
Hint Answer % Correct
28 (America) Michael Phelps
97%
10 (USA) Carl Lewis
17%
11 (USA) Mark Spitz
17%
14 (USA) Katie Ledecky
3%
18 (USSR) Larisa Latynina
3%
15 (Norway) Marit Bjorgen
3%
13 (Norway) Ole Einar Bjorndalen
3%
12 (Finland) Paavo Nurmi
3%
12 (Germany) Birgit Fischer
0%
13 (USSR) Boris Shakhlin
0%
13 (Italy) Edoardon Mangiarotti
0%
13 (Netherlands) Ireen Wust
0%
12 (USA) Jenny Thompson
0%
15 (USSR) Nikolay Andrianov
0%
13 (Japan) Takashi Ono
0%
No matching quizzes found
Score Distribution
Percent of People with Each Score
Percentile by Number Answered
Your Score History
You have not taken this quiz